<?xml version="1.0" encoding="UTF-8"?>
<marc:record xmlns:marc="http://www.loc.gov/MARC21/slim">
   <marc:leader>00000nam a2200000 a 4500</marc:leader>
   <marc:datafield ind1="1" ind2=" " tag="100">
      <marc:subfield code="a">Hattenhauer, Ina</marc:subfield>
   </marc:datafield>
   <marc:datafield ind1="1" ind2=" " tag="100">
      <marc:subfield code="a">Hula, Saskia</marc:subfield>
   </marc:datafield>
   <marc:datafield ind1="0" ind2="0" tag="245">
      <marc:subfield code="a">Der beste Oskar der Welt!</marc:subfield>
   </marc:datafield>
   <marc:datafield ind1="0" ind2="0" tag="245">
      <marc:subfield code="b">alle Geschichten in einem Band</marc:subfield>
   </marc:datafield>
   <marc:datafield ind1="0" ind2="0" tag="245">
      <marc:subfield code="c">Sakia Hula ; Ina Hattenhauer</marc:subfield>
   </marc:datafield>
   <marc:datafield ind1=" " ind2="1" tag="264">
      <marc:subfield code="a">Wien</marc:subfield>
      <marc:subfield code="b">Edition Nilpferd</marc:subfield>
      <marc:subfield code="c">2021</marc:subfield>
   </marc:datafield>
   <marc:datafield ind1=" " ind2=" " tag="250">
      <marc:subfield code="a">1. Auflage</marc:subfield>
   </marc:datafield>
   <marc:datafield ind1="1" ind2=" " tag="520">
      <marc:subfield code="a">Oskar ist wieder da! Ob er nun die beste Bande der Welt gründet, die coolste Schule mitgestaltet oder das größte Geheimnis unbedingt teilen muss: Immer sind seine Freunde zur Stelle, allen voran Rastamän, Wilma und Jojo. Zusammen können sie alles schaffen - und alle sind mit dabei! Vielfach preisgekrönt, hinreißend illustriert und einfach zum Liebhaben - Oskars Geschichten machen immer Freude! Die beste Bande der Welt ( ) ist ein Lob der Kindheit und so leicht wie ein vergnügliches Kinderspiel. Franz Lettner in Die Zeit, LUCHS-Preis für Kinder- und Jugendliteratur</marc:subfield>
   </marc:datafield>
   <marc:datafield ind1=" " ind2=" " tag="020">
      <marc:subfield code="a">9783707452525</marc:subfield>
      <marc:subfield code="9">9783707452525</marc:subfield>
   </marc:datafield>
   <marc:datafield ind1=" " ind2=" " tag="020">
      <marc:subfield code="a">3707452522</marc:subfield>
      <marc:subfield code="9">3707452522</marc:subfield>
   </marc:datafield>
   <marc:datafield ind1=" " ind2=" " tag="500">
      <marc:subfield code="a">Lesealter : 6 - 11 Jahre</marc:subfield>
   </marc:datafield>
   <marc:datafield ind1=" " ind2=" " tag="300">
      <marc:subfield code="a">113 Seiten : Illustrationen</marc:subfield>
   </marc:datafield>
</marc:record>
